header

Completely bounded maps and operator algebras (Record no. 42556)

MARC details
000 -LEADER
fixed length control field 01364nam a22003374a 4500
082 04 - DEWEY DECIMAL CLASSIFICATION NUMBER
Classification number 512/.55
100 1# - MAIN ENTRY--AUTHOR NAME
Personal name Paulsen, Vern I.,
245 10 - TITLE STATEMENT
Title Completely bounded maps and operator algebras
260 ## - PUBLICATION, DISTRIBUTION, ETC. (IMPRINT)
Place of publication Cambridge ;
-- New York :
Name of publisher Cambridge University Press,
Year of publication 2002.
300 ## - PHYSICAL DESCRIPTION
Number of Pages xii, 300 p. :
Other physical details ill.
490 1# - SERIES STATEMENT
Series statement Cambridge studies in advanced mathematics ;
650 #0 - SUBJECT ADDED ENTRY--TOPICAL TERM
Topical Term Operator algebras.
Topical Term Dilation theory (Operator theory)
Topical Term Mappings (Mathematics)
856 40 - ELECTRONIC LOCATION AND ACCESS
Uniform Resource Identifier http://site.ebrary.com/lib/rucke/Doc?id=10069908

No items available.

© 2026 Rongo University
Contact us: librarian | system librarian | Rongo university